[Event "FIN-chT 1415"]
[Site "Finland"]
[Date "2015.03.13"]
[Round "9.1"]
[White "Hermansson, Emil"]
[Black "Yemelin, Vasily"]
[Result "1-0"]
[WhiteElo "2455"]
[BlackElo "2568"]
[PlyCount "65"]
[EventDate "2014.09.27"]
[EventType "team-tourn"]
[EventRounds "11"]
[EventCountry "FIN"]
[SourceTitle "EXT 2016"]
[Source "ChessBase"]
[SourceDate "2015.10.08"]
[SourceVersion "1"]
[SourceVersionDate "2015.10.08"]
[SourceQuality "1"]
[WhiteTeam "Oulu OSS"]
[BlackTeam "Porvoo Velhot"]
[WhiteTeamCountry "FIN"]
[BlackTeamCountry "FIN"]

1. e4 e5 2. Nf3 Nc6 3. Bb5 Nf6 4. 0-0 Nxe4 5. d4 Nd6 6. Bxc6 dxc6 7. dxe5 Nf5 8. Qxd8+ Kxd8 9. Nc3 h6 10. h3 Bd7 11. b3 Kc8 12. Bb2 Ne7 13. Rad1 c5 14. Nd2 Nc6 15. Nd5 Nb4 16. Ne3 a5 17. a3 Nc6 18. a4 Be7 19. f4 Re8 20. Ne4 Bf8 21. Kf2 Nd8 22. c4 Ra6 23. Rd3 Ne6 24. Kf3 Bc6 25. Nd5 Rd8 26. Rfd1 g6 27. g4 Re8 28. Kg3 b6 29. Nef6 Rd8 30. f5 Ng7 31. Nxb6+ Rxb6 32. Rxd8+ Kb7 33. R1d3 1-0

[Event "Oulu We OSS"]
[Site "Oulu"]
[Date "2013.11.30"]
[Round "3"]
[White "Hermansson, Emil"]
[Black "Wallin, Aleksi"]
[Result "1-0"]
[WhiteElo "2418"]
[BlackElo "2165"]
[PlyCount "121"]
[EventDate "2013.11.30"]
[EventType "swiss"]
[EventRounds "5"]
[EventCountry "FIN"]
[SourceTitle "EXT 2022"]
[Source "ChessBase"]
[SourceDate "2021.10.06"]
[SourceVersion "1"]
[SourceVersionDate "2021.10.06"]
[SourceQuality "1"]

1. e4 e5 2. Nf3 Nc6 3. Bb5 a6 4. Ba4 Nf6 5. 0-0 Be7 6. Re1 b5 7. Bb3 d6 8. c3 0-0 9. h3 Na5 10. Bc2 c5 11. d4 Qc7 12. Nbd2 Nc6 13. d5 Nd8 14. a4 Rb8 15. b4 Ne8 16. axb5 axb5 17. bxc5 dxc5 18. c4 b4 19. Ba4 f6 20. Bxe8 Rxe8 21. Nb3 Nf7 22. Be3 Bd7 23. Ra5 Ra8 24. Qa1 Rxa5 25. Qxa5 Qxa5 26. Nxa5 Rc8 27. Nb3 Ba4 28. Nfd2 Kf8 29. Rc1 Ke8 30. Kf1 Nd8 31. Ra1 Bxb3 32. Nxb3 Rc7 33. f4 Nb7 34. fxe5 fxe5 35. Ke2 Bd6 36. Ra8+ Kf7 37. Ra7 Re7 38. g4 Ke8 39. h4 Kf7 40. g5 g6 41. Ra8 Rc7 42. Kd3 Kg7 43. Ra6 Kf7 44. Rc6 Rxc6 45. dxc6 Nd8 46. Bxc5 Bc7 47. Bxb4 Nxc6 48. Bc3 Ke7 49. c5 Nd8 50. Kc4 Ke6 51. Ba5 Bxa5 52. Nxa5 Nf7 53. Nb7 h5 54. gxh6 Nxh6 55. c6 Ng8 56. Kb5 Nf6 57. Nc5+ Kd6 58. Kb6 Ng8 59. Nd3 Ne7 60. c7 Kd7 61. Kb7 1-0

[Event "SWE-chT 1314"]
[Site "Sweden"]
[Date "2013.11.23"]
[Round "2.5"]
[White "Fries Nielsen, Jens Ove"]
[Black "Hermansson, Emil"]
[Result "1-0"]
[WhiteElo "2394"]
[BlackElo "2447"]
[PlyCount "57"]
[EventDate "2013.11.22"]
[EventType "team-tourn"]
[EventRounds "9"]
[EventCountry "SWE"]
[SourceTitle "CBM 157 Extra"]
[Source "ChessBase"]
[SourceDate "2013.12.19"]
[SourceVersion "1"]
[SourceVersionDate "2013.12.19"]
[SourceQuality "1"]
[WhiteTeam "Burgsvik Alva"]
[BlackTeam "Stockholm Rockaden"]
[WhiteTeamCountry "SWE"]
[BlackTeamCountry "SWE"]

1. d4 Nf6 2. Nc3 d5 3. Bf4 e6 4. Nb5 Na6 5. e3 c6 6. Nc3 Qa5 7. a3 c5 8. Bb5+ Bd7 9. Bxd7+ Nxd7 10. Nf3 Be7 11. 0-0 Nf6 12. Ne5 0-0 13. g4 Rad8 14. g5 Nd7 15. Qg4 cxd4 16. exd4 Nab8 17. Rad1 Nxe5 18. dxe5 Qb6 19. Rd3 Qxb2 20. Qe2 d4 21. Ne4 Rc8 22. Rc1 Bxa3 23. Rh3 Nd7 24. Qd3 Qxc1+ 25. Bxc1 Bxc1 26. Rxh7 Nxe5 27. Qh3 f5 28. Rh8+ Kf7 29. Nd6+ 1-0

[Event "Harstad op-A"]
[Site "Harstad"]
[Date "2012.10.19"]
[Round "4"]
[White "Hermansson, Emil"]
[Black "Voicu Jagodzinsky, Carmen"]
[Result "1-0"]
[WhiteElo "2409"]
[BlackElo "2292"]
[PlyCount "97"]
[EventDate "2012.10.19"]
[EventType "swiss"]
[EventRounds "6"]
[EventCountry "NOR"]
[SourceTitle "EXT 2013"]
[Source "ChessBase"]
[SourceDate "2012.11.22"]
[SourceVersion "1"]
[SourceVersionDate "2012.11.22"]
[SourceQuality "1"]

1. e4 c5 2. Nf3 e6 3. d4 cxd4 4. Nxd4 a6 5. c4 d6 6. Nc3 Nf6 7. Be2 Qc7 8. Be3 b6 9. 0-0 Bb7 10. f3 Be7 11. Qd2 0-0 12. Rfc1 Nbd7 13. a4 Qb8 14. Qd1 Bd8 15. a5 Bc7 16. axb6 Nxb6 17. b3 Nbd7 18. Kh1 Rd8 19. b4 Ne5 20. Bg1 h5 21. Rab1 h4 22. b5 Qc8 23. Na4 h3 24. gxh3 Nxe4 25. b6 Bb8 26. fxe4 Bxe4+ 27. Nf3 Qc6 28. Kg2 Ng6 29. Be3 Rd7 30. Rb2 f5 31. Nc3 f4 32. Bf2 Bf5 33. Bd3 Ne7 34. Qe2 d5 35. Nd4 Qd6 36. Nxf5 exf5 37. Nxd5 Ng6 38. Bxf5 Rf7 39. Qe8+ Nf8 40. Bh7+ Kxh7 41. Qxf7 Ng6 42. b7 f3+ 43. Qxf3 Ra7 44. Qh5+ Kg8 45. Bg3 Qa3 46. Qxg6 Qxb2+ 47. Rc2 Qxb7 48. Qe8+ Kh7 49. Qxb8 1-0

[Event "Samfunnsalen Blabyen Grand Prix"]
[Site "Samfunnsalen"]
[Date "2012.09.07"]
[Round "4"]
[White "Hermansson, Emil"]
[Black "Rolvag, Birk Anders"]
[Result "1-0"]
[WhiteElo "2406"]
[BlackElo "1945"]
[PlyCount "61"]
[EventDate "2012.09.07"]
[EventType "swiss"]
[EventRounds "5"]
[EventCountry "NOR"]
[SourceTitle "EXT 2024"]
[Source "ChessBase"]
[SourceDate "2023.10.10"]
[SourceVersion "1"]
[SourceVersionDate "2023.10.10"]
[SourceQuality "1"]

1. e4 c5 2. Nf3 Nc6 3. d4 cxd4 4. Nxd4 g6 5. Nc3 Bg7 6. Be3 Nf6 7. Bc4 0-0 8. Bb3 d6 9. f3 Bd7 10. Qd2 Na5 11. 0-0-0 Nxb3+ 12. cxb3 a5 13. a4 Bc6 14. h4 h5 15. Kb1 Qd7 16. Bh6 Rfd8 17. Ka2 Bh8 18. g4 e5 19. Ndb5 d5 20. gxh5 d4 21. hxg6 fxg6 22. Qg5 Kh7 23. h5 gxh5 24. Rxh5 Nxh5 25. Qxh5 Qe8 26. Qh4 Bg7 27. Bxg7+ Kxg7 28. Rg1+ Kf8 29. Qh8+ Ke7 30. Qxe5+ Kf8 31. Qg7# 1-0

[Event "Samfunnsalen Blabyen Grand Prix"]
[Site "Samfunnsalen"]
[Date "2012.09.07"]
[Round "3"]
[White "Solberg, Joachim Krokvik"]
[Black "Hermansson, Emil"]
[Result "0-1"]
[WhiteElo "2205"]
[BlackElo "2406"]
[PlyCount "88"]
[EventDate "2012.09.07"]
[EventType "swiss"]
[EventRounds "5"]
[EventCountry "NOR"]
[SourceTitle "EXT 2024"]
[Source "ChessBase"]
[SourceDate "2023.10.10"]
[SourceVersion "1"]
[SourceVersionDate "2023.10.10"]
[SourceQuality "1"]

1. d4 Nf6 2. Nf3 g6 3. Bg5 Bg7 4. Nbd2 0-0 5. e4 d5 6. exd5 Nxd5 7. c3 c5 8. dxc5 Qc7 9. Bc4 Qxc5 10. 0-0 e6 11. Re1 Nc6 12. Bf1 h6 13. Ne4 Qb6 14. Bc1 Rd8 15. Qc2 e5 16. a3 Bg4 17. Ned2 Rac8 18. Qa4 Bf5 19. Qh4 g5 20. Qg3 Nf4 21. h3 Qc5 22. Ne4 Qd5 23. c4 Qe6 24. Nc3 Qg6 25. Nd5 Nxd5 26. cxd5 Rxd5 27. Bc4 Rc5 28. Ba2 e4 29. Nd2 Nd4 30. Nb3 Rc2 31. Nxd4 Bxd4 32. Be3 Bxb2 33. Bb1 R2c3 34. Ra2 Bxa3 35. Qe5 Qe6 36. Qa5 Bc1 37. Bxc1 Rxc1 38. Rae2 a6 39. Qb4 Qc4 40. Qxc4 R8xc4 41. Kh2 Bg6 42. Kg3 Kg7 43. Kh2 f5 44. Kg1 b5 0-1

[Event "Narvik Rallarsjakken A"]
[Site "Narvik"]
[Date "2012.04.20"]
[Round "5"]
[White "Solberg, Joachim Krokvik"]
[Black "Hermansson, Emil"]
[Result "0-1"]
[WhiteElo "2226"]
[BlackElo "2408"]
[PlyCount "50"]
[EventDate "2012.04.20"]
[EventType "swiss"]
[EventRounds "5"]
[EventCountry "NOR"]
[SourceTitle "EXT 2024"]
[Source "ChessBase"]
[SourceDate "2023.10.10"]
[SourceVersion "1"]
[SourceVersionDate "2023.10.10"]
[SourceQuality "1"]

1. e4 c5 2. c3 Nf6 3. e5 Nd5 4. Nf3 Nc6 5. d4 cxd4 6. cxd4 d6 7. exd6 Qxd6 8. Nc3 Bg4 9. Be2 e6 10. 0-0 Be7 11. a3 0-0 12. h3 Bh5 13. Nxd5 Qxd5 14. Be3 Rfd8 15. Rc1 Bf6 16. b4 Qa2 17. g4 Bg6 18. g5 Bxd4 19. Bxd4 Nxd4 20. Nxd4 Qb2 21. Bf3 Rxd4 22. Qa4 Qd2 23. Qa5 Bf5 24. Bxb7 Qxg5+ 25. Kh1 Qh4 0-1

[Event "SWE-chT 1112"]
[Site "Sweden"]
[Date "2012.01.15"]
[Round "4"]
[White "Malmstig, Erik"]
[Black "Hermansson, Emil"]
[Result "0-1"]
[WhiteElo "2266"]
[BlackElo "2445"]
[PlyCount "98"]
[EventDate "2011.10.07"]
[EventType "team-tourn"]
[EventRounds "9"]
[EventCountry "SWE"]
[SourceTitle "EXT 2013"]
[Source "ChessBase"]
[SourceDate "2012.11.22"]
[SourceVersion "1"]
[SourceVersionDate "2012.11.22"]
[SourceQuality "1"]
[WhiteTeam "Umea Rockaden"]
[BlackTeam "Umea Rockaden"]
[WhiteTeamCountry "SWE"]
[BlackTeamCountry "SWE"]

1. Nf3 Nf6 2. g3 d5 3. Bg2 g6 4. 0-0 Bg7 5. c4 dxc4 6. Qa4+ Nfd7 7. Qxc4 Nb6 8. Qh4 Nc6 9. Nc3 h6 10. g4 e5 11. Qg3 0-0 12. d3 Re8 13. Ne1 Nd4 14. f4 Na4 15. Qf2 Nxc3 16. bxc3 exf4 17. e3 Nb5 18. Qxf4 Qe7 19. Kh1 Nxc3 20. Ba3 Qe6 21. Bb2 Ne2 22. Qb4 Qxe3 23. Bxg7 Kxg7 24. Nf3 Qe7 25. Qb2+ Qf6 26. d4 Nf4 27. Ne5 g5 28. Rae1 Qb6 29. Qc2 Qxd4 30. Nc6 Qd7 31. Qc3+ Kh7 32. Rxe8 Qxe8 33. Re1 Be6 34. Be4+ Kg8 35. Nd4 c6 36. Nf5 Bxf5 37. Bxf5 Qd8 38. Be4 Qd6 39. Qb3 Qd2 40. Qb1 Rd8 41. Bh7+ Kg7 42. Be4 Rd6 43. Rf1 b5 44. Bf3 b4 45. Qf5 Qe3 46. Be4 Re6 47. Qh7+ Kf8 48. Bf3 Qxf3+ 49. Rxf3 Re1+ 0-1

[Event "FIN-chT 1112"]
[Site "Finland"]
[Date "2011.10.14"]
[Round "7.1"]
[White "Dokutchaev, Aleksander"]
[Black "Hermansson, Emil"]
[Result "1/2-1/2"]
[WhiteElo "2428"]
[BlackElo "2408"]
[PlyCount "58"]
[EventDate "2011.09.17"]
[EventType "team-tourn"]
[EventRounds "11"]
[EventCountry "FIN"]
[SourceTitle "CBM 144 Extra"]
[Source "ChessBase"]
[SourceDate "2011.10.28"]
[SourceVersion "1"]
[SourceVersionDate "2011.10.28"]
[SourceQuality "1"]
[WhiteTeam "Joensuu SK"]
[BlackTeam "Oulu OSS"]
[WhiteTeamCountry "FIN"]
[BlackTeamCountry "FIN"]

1. d4 Nf6 2. Nf3 g6 3. g3 d5 4. Bg2 Bg7 5. c4 c6 6. b3 0-0 7. 0-0 Bf5 8. Bb2 Ne4 9. Nbd2 Qa5 10. a3 Nd7 11. b4 Qa6 12. Rc1 Rad8 13. h3 Nxd2 14. Nxd2 dxc4 15. Nxc4 e5 16. e4 Be6 17. d5 cxd5 18. exd5 Nb6 19. Nxb6 Qxb6 20. Qb3 Bd7 21. Rc5 Rfe8 22. Re1 Rc8 23. Qe3 Rxc5 24. Qxc5 f6 25. Qxb6 axb6 26. Rc1 Rc8 27. Rxc8+ Bxc8 28. Bc1 b5 29. Be3 f5 1/2-1/2

[Event "Harstad op"]
[Site "Harstad"]
[Date "2011.10.07"]
[Round "4"]
[White "Hermansson, Emil"]
[Black "Kiik, Kalle"]
[Result "1-0"]
[WhiteElo "2408"]
[BlackElo "2406"]
[PlyCount "61"]
[EventDate "2011.10.05"]
[EventType "swiss"]
[EventRounds "6"]
[EventCountry "NOR"]
[SourceTitle "EXT 2012"]
[Source "ChessBase"]
[SourceDate "2011.11.24"]
[SourceVersion "1"]
[SourceVersionDate "2011.11.24"]
[SourceQuality "1"]

1. e4 Nf6 2. e5 Nd5 3. d4 d6 4. Nf3 Bg4 5. Be2 e6 6. 0-0 Be7 7. h3 Bh5 8. c4 Nb6 9. Nc3 Nc6 10. exd6 cxd6 11. d5 exd5 12. Nxd5 Nxd5 13. Qxd5 Bg6 14. Bf4 0-0 15. Rfd1 Re8 16. Qb5 Qb6 17. Bd3 Bf6 18. Bxg6 hxg6 19. Rxd6 Re2 20. Be3 Qxb5 21. cxb5 Ne5 22. Nd2 Rc8 23. Kf1 Rxe3 24. fxe3 Rc2 25. Rb1 Kf8 26. Ke1 Ke7 27. Rd4 Bg5 28. Re4 Kd6 29. Kd1 Rc5 30. Rd4+ Ke7 31. Ne4 1-0

[Event "SWE-chT 1011"]
[Site "Sweden"]
[Date "2011.03.11"]
[Round "9"]
[White "Hermansson, Emil"]
[Black "Gajic, Mladen"]
[Result "1-0"]
[WhiteElo "2406"]
[BlackElo "2287"]
[PlyCount "165"]
[EventDate "2010.10.08"]
[EventType "team-tourn"]
[EventRounds "11"]
[EventCountry "SWE"]
[SourceTitle "EXT 2012"]
[Source "ChessBase"]
[SourceDate "2011.11.24"]
[SourceVersion "1"]
[SourceVersionDate "2011.11.24"]
[SourceQuality "1"]
[WhiteTeam "Stockholm Rockaden"]
[BlackTeam "Lunds"]
[WhiteTeamCountry "SWE"]
[BlackTeamCountry "SWE"]

1. e4 Nf6 2. e5 Nd5 3. d4 d6 4. Nf3 dxe5 5. Nxe5 c6 6. Bc4 Nd7 7. Nd3 N7b6 8. Bb3 a5 9. a4 Bf5 10. 0-0 e6 11. Re1 Bd6 12. Qf3 0-0 13. c3 Qh4 14. h3 h5 15. Nd2 g5 16. Ne4 g4 17. Qe2 gxh3 18. g3 h2+ 19. Kh1 Bxe4+ 20. Qxe4 Qxe4+ 21. Rxe4 Nf6 22. Rh4 Kg7 23. Bg5 Nbd7 24. Kg2 Kg6 25. Bf4 Bxf4 26. Nxf4+ Kg7 27. Nxh5+ Nxh5 28. Rxh5 Kf6 29. Rxh2 Rh8 30. Rxh8 Rxh8 31. f4 b6 32. g4 Nf8 33. f5 Rg8 34. fxe6 Nxe6 35. Kg3 Rg5 36. Rh1 Rg8 37. Rh6+ Kg5 38. Rh5+ Kf6 39. Rh6+ Kg5 40. Rh5+ Kf6 41. Bc4 Ke7 42. Rh6 Rb8 43. Bxe6 fxe6 44. Kf4 Kd6 45. g5 b5 46. g6 Rf8+ 47. Kg5 Rf5+ 48. Kg4 Rf2 49. Rh3 Ke7 50. Kg5 Kf8 51. Rh8+ Kg7 52. Rh7+ Kg8 53. axb5 cxb5 54. Rb7 Rxb2 55. Kf6 Rf2+ 56. Kxe6 Re2+ 57. Kd6 Rc2 58. Rxb5 Rxc3 59. Rxa5 Rg3 60. Rf5 Rxg6+ 61. Kc5 Rg1 62. d5 Kg7 63. d6 Kg6 64. Rf4 Rd1 65. Kc6 Rc1+ 66. Kb7 Rb1+ 67. Kc7 Rc1+ 68. Kd8 Kg5 69. Rf2 Rd1 70. d7 Re1 71. Rc2 Ra1 72. Kc8 Ra8+ 73. Kb7 Rh8 74. Rc8 Rh7 75. Kc6 Kf5 76. d8Q Rh6+ 77. Kd5 Rh5 78. Qe7 Kf4+ 79. Kd4 Rf5 80. Qe3+ Kg4 81. Rg8+ Kh4 82. Qg3+ Kh5 83. Rh8# 1-0

[Event "SWE-chT 0910"]
[Site "Sweden"]
[Date "2010.03.13"]
[Round "10"]
[White "Nilsson, Sebastian"]
[Black "Hermansson, Emil"]
[Result "1/2-1/2"]
[WhiteElo "2312"]
[BlackElo "2409"]
[PlyCount "40"]
[EventDate "2009.10.16"]
[EventType "team"]
[EventRounds "11"]
[EventCountry "SWE"]
[SourceTitle "EXT 2011"]
[Source "ChessBase"]
[SourceDate "2010.11.26"]
[SourceVersion "1"]
[SourceVersionDate "2010.11.26"]
[SourceQuality "1"]
[WhiteTeam "Lunds"]
[BlackTeam "Stockholm Rockaden"]
[WhiteTeamCountry "SWE"]
[BlackTeamCountry "SWE"]

1. e4 c5 2. Nf3 d6 3. d4 cxd4 4. Nxd4 Nf6 5. Nc3 g6 6. Be3 Bg7 7. f3 0-0 8. Qd2 Nc6 9. Bc4 Bd7 10. 0-0-0 Rb8 11. Bb3 Na5 12. Bh6 Bxh6 13. Qxh6 b5 14. Nd5 e5 15. Nxf6+ Qxf6 16. Ne2 Nxb3+ 17. cxb3 b4 18. Kb1 Rfc8 19. Ng3 Qe7 20. Qd2 Rb6 1/2-1/2

[Event "NOR-chT Clubs"]
[Site "Bekkestua"]
[Date "2009.10.23"]
[Round "6"]
[White "Hermansson, Emil"]
[Black "Dulman, Egmond Gabriel"]
[Result "1-0"]
[WhiteElo "2393"]
[BlackElo "2103"]
[PlyCount "39"]
[EventDate "2009.10.23"]
[EventType "team-swiss"]
[EventRounds "6"]
[EventCountry "NOR"]
[SourceTitle "EXT 2012"]
[Source "ChessBase"]
[SourceDate "2011.11.24"]
[SourceVersion "1"]
[SourceVersionDate "2011.11.24"]
[SourceQuality "1"]

1. e4 c6 2. d4 d5 3. Nd2 dxe4 4. Nxe4 Nf6 5. Nxf6+ gxf6 6. c3 Bf5 7. Nf3 Qc7 8. g3 e6 9. Bg2 Be4 10. 0-0 Nd7 11. Re1 f5 12. Ng5 Bxg2 13. Rxe6+ Be7 14. Bf4 Qb6 15. Qh5 0-0-0 16. Rxe7 Qxb2 17. Kxg2 Qxa1 18. Nxf7 Qxc3 19. Nd6+ Kb8 20. Nb5+ 1-0

[Event "SWE-chT 0910"]
[Site "Sweden"]
[Date "2009.10.16"]
[Round "9"]
[White "Hermansson, Emil"]
[Black "Penalver, Osmani"]
[Result "1/2-1/2"]
[WhiteElo "2409"]
[BlackElo "2218"]
[PlyCount "86"]
[EventDate "2009.10.16"]
[EventType "team"]
[EventRounds "11"]
[EventCountry "SWE"]
[SourceTitle "EXT 2011"]
[Source "ChessBase"]
[SourceDate "2010.11.26"]
[SourceVersion "1"]
[SourceVersionDate "2010.11.26"]
[SourceQuality "1"]
[WhiteTeam "Stockholm Rockaden"]
[BlackTeam "Limhamn"]
[WhiteTeamCountry "SWE"]
[BlackTeamCountry "SWE"]

1. Nf3 Nf6 2. c4 e6 3. g3 b6 4. Bg2 c6 5. d4 Ba6 6. Nbd2 d5 7. 0-0 Be7 8. b3 0-0 9. Re1 Bb4 10. Qc2 Ne4 11. Rd1 f5 12. Bb2 Nd7 13. a3 Bxd2 14. Nxd2 Rc8 15. Nxe4 fxe4 16. f3 Qg5 17. Kh1 Nf6 18. Bc1 Qg6 19. fxe4 Ng4 20. Kg1 Rf7 21. Bd2 Qh5 22. h4 Qg6 23. Rf1 Rcf8 24. Rxf7 Rxf7 25. Rf1 Rxf1+ 26. Kxf1 Nh2+ 27. Kf2 Qf6+ 28. Bf4 Qxd4+ 29. e3 Ng4+ 30. Ke2 Qc5 31. exd5 cxd5 32. Bh3 dxc4 33. Kf3 Bb7+ 34. e4 h5 35. Bxg4 hxg4+ 36. Kxg4 e5 37. Bg5 cxb3 38. Qxb3+ Kh7 39. Qf7 Qc8+ 40. Qf5+ g6 41. Qxc8 Bxc8+ 42. Kf3 Kg7 43. g4 Bd7 1/2-1/2

[Event "EU-Cup 24th"]
[Site "Kallithea"]
[Date "2008.10.23"]
[Round "7"]
[White "Lagerman, Robert"]
[Black "Hermansson, Emil"]
[Result "1/2-1/2"]
[WhiteElo "2363"]
[BlackElo "2423"]
[PlyCount "103"]
[EventDate "2008.10.17"]
[EventType "team-swiss"]
[EventRounds "7"]
[EventCountry "GRE"]
[SourceTitle "CBM 127"]
[Source "ChessBase"]
[SourceDate "2008.11.13"]
[SourceVersion "1"]
[SourceVersionDate "2008.11.13"]
[SourceQuality "1"]
[WhiteTeam "Hellir"]
[BlackTeam "Stockholm Rockaden"]
[WhiteTeamCountry "ISL"]
[BlackTeamCountry "SWE"]

1. e4 c5 2. Nf3 Nc6 3. d4 cxd4 4. Nxd4 Nf6 5. Nc3 e5 6. Ndb5 d6 7. Nd5 Nxd5 8. exd5 Nb8 9. c4 Be7 10. Be2 0-0 11. 0-0 f5 12. f4 a6 13. Nc3 Bf6 14. Qc2 g6 15. Kh1 Nd7 16. Be3 exf4 17. Bxf4 Be5 18. Qd2 Qc7 19. Rac1 b6 20. b3 Bxf4 21. Qxf4 Ne5 22. Rfd1 Bd7 23. h3 Qc5 24. Bf1 Kg7 25. Ne2 Rae8 26. Nd4 h6 27. Qd2 a5 28. Qb2 g5 29. a3 g4 30. b4 axb4 31. axb4 Qc7 32. c5 bxc5 33. bxc5 dxc5 34. Ne6+ Bxe6 35. d6 Qf7 36. Qxe5+ Qf6 37. Qxc5 Rc8 38. Qa7+ Rf7 39. Qb6 gxh3 40. Rxc8 Bxc8 41. gxh3 f4 42. Bc4 Qc3 43. Qd4+ Qxd4 44. Rxd4 Ra7 45. Kg2 Kf6 46. Rxf4+ Ke5 47. Rf8 Rg7+ 48. Kh2 Bb7 49. Bf1 Rd7 50. Re8+ Kf6 51. Rb8 Bd5 52. Rb6 1/2-1/2

[Event "EU-Cup 24th"]
[Site "Kallithea"]
[Date "2008.10.21"]
[Round "5"]
[White "Hermansson, Emil"]
[Black "Gharamian, Tigran"]
[Result "0-1"]
[WhiteElo "2423"]
[BlackElo "2555"]
[PlyCount "62"]
[EventDate "2008.10.17"]
[EventType "team-swiss"]
[EventRounds "7"]
[EventCountry "GRE"]
[SourceTitle "CBM 127"]
[Source "ChessBase"]
[SourceDate "2008.11.13"]
[SourceVersion "1"]
[SourceVersionDate "2008.11.13"]
[SourceQuality "1"]
[WhiteTeam "Stockholm Rockaden"]
[BlackTeam "Charleroi CREC"]
[WhiteTeamCountry "SWE"]
[BlackTeamCountry "BEL"]

1. e4 e6 2. d4 d5 3. Nc3 Nf6 4. e5 Nfd7 5. f4 c5 6. Nf3 Nc6 7. Be3 Be7 8. Qd2 0-0 9. dxc5 Bxc5 10. Bxc5 Nxc5 11. 0-0-0 Qa5 12. Kb1 Bd7 13. Qe3 Rfc8 14. Bd3 Nb4 15. a3 Nbxd3 16. cxd3 Ba4 17. b4 Qa6 18. bxc5 Bxd1 19. Nxd1 b6 20. c6 Rxc6 21. Nd4 Rc5 22. Nb3 Rc7 23. Ka2 Rc2+ 24. Nb2 Rac8 25. f5 Qb5 26. Rb1 R8c3 27. Nd4 Rxa3+ 28. Kxa3 Rc3+ 29. Ka2 Qa5+ 30. Na4 Qxa4+ 31. Kb2 Qa3# 0-1

[Event "NOR-chT Ishav 0708"]
[Site "Oslo"]
[Date "2008.03.30"]
[Round "9.1"]
[White "Djurhuus, Rune"]
[Black "Hermansson, Emil"]
[Result "1/2-1/2"]
[WhiteElo "2443"]
[BlackElo "2472"]
[PlyCount "73"]
[EventDate "2007.11.09"]
[EventType "team-swiss"]
[EventRounds "9"]
[EventCountry "NOR"]
[SourceTitle "EXT 2010"]
[Source "ChessBase"]
[SourceDate "2010.11.25"]
[SourceVersion "1"]
[SourceVersionDate "2010.11.25"]
[SourceQuality "1"]

1. e4 e5 2. Nf3 Nc6 3. Bb5 Nf6 4. d3 Bc5 5. 0-0 Nd4 6. Nxd4 Bxd4 7. c3 Bb6 8. Nd2 c6 9. Ba4 d6 10. Bc2 0-0 11. Nc4 Bc7 12. Bg5 h6 13. Bh4 d5 14. Ne3 dxe4 15. dxe4 Qxd1 16. Rfxd1 Be6 17. Bxf6 gxf6 18. Bb3 Rfd8 19. Kf1 Rxd1+ 20. Rxd1 Rd8 21. Rxd8+ Bxd8 22. Ke2 Bb6 23. h4 Kg7 24. f3 Kg6 25. g4 Kg7 26. h5 Kf8 27. Nf5 Bxf5 28. exf5 Ke7 29. a4 Bg1 30. Ba2 Bh2 31. Kd3 Bf4 32. b4 Bg3 33. b5 cxb5 34. axb5 Be1 35. Bd5 b6 36. c4 Bg3 37. Ke4 1/2-1/2

[Event "NOR-chT Ishav 0708"]
[Site "Oslo"]
[Date "2008.03.28"]
[Round "7.1"]
[White "Gullaksen, Eirik Tvedt"]
[Black "Hermansson, Emil"]
[Result "1/2-1/2"]
[WhiteElo "2378"]
[BlackElo "2472"]
[PlyCount "40"]
[EventDate "2007.11.09"]
[EventType "team-swiss"]
[EventRounds "9"]
[EventCountry "NOR"]
[SourceTitle "EXT 2010"]
[Source "ChessBase"]
[SourceDate "2010.11.25"]
[SourceVersion "1"]
[SourceVersionDate "2010.11.25"]
[SourceQuality "1"]

1. e4 e5 2. Nf3 Nc6 3. Bb5 Nf6 4. 0-0 Nxe4 5. Re1 Nd6 6. Nxe5 Be7 7. Bf1 Nxe5 8. Rxe5 0-0 9. d4 Bf6 10. Re1 Nf5 11. c3 d5 12. Bd3 Nh4 13. Qc2 g6 14. Bf4 c6 15. Nd2 Bg5 16. Be5 Bh3 17. Bf1 Bf5 18. Bd3 Bh3 19. Bf1 Bf5 20. Bd3 Bh3 1/2-1/2

[Event "Reykjavik op 23rd"]
[Site "Reykjavik"]
[Date "2008.03.04"]
[Round "2"]
[White "Hermansson, Emil"]
[Black "Fridgeirsson, Dagur Andri"]
[Result "1-0"]
[WhiteElo "2472"]
[BlackElo "1798"]
[PlyCount "95"]
[EventDate "2008.03.03"]
[EventType "swiss"]
[EventRounds "9"]
[EventCountry "ISL"]
[SourceTitle "CBM 123 Extra"]
[Source "ChessBase"]
[SourceDate "2008.05.06"]
[SourceVersion "1"]
[SourceVersionDate "2008.05.06"]
[SourceQuality "1"]

1. e4 c5 2. Nf3 Nc6 3. d4 cxd4 4. Nxd4 Qb6 5. Nb3 Nf6 6. Nc3 e6 7. Qe2 Bb4 8. Bd2 a6 9. 0-0-0 0-0 10. g4 d5 11. exd5 exd5 12. g5 Bxc3 13. Bxc3 Ne4 14. Be1 Be6 15. f3 Nd6 16. Qf2 Qxf2 17. Bxf2 Rfe8 18. Bg2 Rac8 19. a3 Re7 20. Rhe1 b5 21. Nc5 a5 22. f4 d4 23. Nxe6 fxe6 24. Bxd4 Nxd4 25. Rxd4 Rec7 26. c3 Nf5 27. Rde4 Rc4 28. Bf1 Rxe4 29. Rxe4 Kf7 30. Bxb5 Nd6 31. Re5 Nxb5 32. Rxb5 Kg6 33. Re5 Rc6 34. Kc2 Kh5 35. Rxa5 Rc4 36. f5 Kxg5 37. fxe6+ Kf6 38. Rh5 h6 39. b4 Kxe6 40. a4 Kd7 41. a5 Rc6 42. b5 Rf6 43. Kb3 g5 44. c4 g4 45. a6 Kc7 46. Kb4 Kb6 47. Re5 Kc7 48. Re7+ 1-0

[Event "SWE-chT 0708"]
[Site "Sweden"]
[Date "2008.02.23"]
[Round "8"]
[White "Hermansson, Emil"]
[Black "Norberg, Johan"]
[Result "1-0"]
[WhiteElo "2533"]
[BlackElo "2379"]
[PlyCount "73"]
[EventDate "2007.10.19"]
[EventType "team"]
[EventRounds "11"]
[EventCountry "SWE"]
[SourceTitle "EXT 2009"]
[Source "ChessBase"]
[SourceDate "2008.11.26"]
[SourceVersion "1"]
[SourceVersionDate "2008.11.26"]
[SourceQuality "1"]
[WhiteTeam "Stockholm Rockaden"]
[BlackTeam "Vasteras"]
[WhiteTeamCountry "SWE"]
[BlackTeamCountry "SWE"]

1. e4 g6 2. d4 Bg7 3. Nf3 d6 4. Bd3 Nf6 5. 0-0 0-0 6. Re1 Bg4 7. Nbd2 e5 8. h3 Bxf3 9. Nxf3 Nbd7 10. c3 c6 11. Bg5 h6 12. Be3 d5 13. dxe5 Nxe4 14. Bf4 Nec5 15. Bc2 Ne6 16. Bg3 Re8 17. Qd2 Qb6 18. Rad1 Qxb2 19. Rb1 Qxa2 20. Rxb7 Nb6 21. Bxg6 Qxd2 22. Bxf7+ Kf8 23. Nxd2 Re7 24. Rxe7 Kxe7 25. Bh5 a5 26. f4 Rf8 27. Rf1 d4 28. c4 Bxe5 29. fxe5 Rxf1+ 30. Kxf1 a4 31. Bh4+ Kd7 32. Bd1 a3 33. Bb3 Nc5 34. Bf2 Nxb3 35. Nxb3 Nxc4 36. Nc5+ Ke7 37. Bxd4 1-0